000 00996nam a22002777a 4500
005 20240530110447.0
008 150428s2009 ua g b 000 0dara d
017 _a2009/4330
_bمصر . دار الكتب المصرية
020 _a9789774209782
040 _aEG-CaGPL
082 0 4 _221
_a240\
_bأ د
100 0 _aاحمد عبدالله اليظى
245 1 0 _aدراسة فى الفرق و الطواتف الاسلامية /
_cاحمد عبدالله اليظى
260 _aالقاهرة :
_bالهيئة المصرية العامة للكتاب ،
_c2009 .
300 _a390 ص ؛
_c24 سم .
504 _aيشتمل على ارجاعات ببليوجرافية
650 0 4 _aالفرق الاسلامية
650 0 4 _aالمعتزلة
650 0 4 _aالاسماعلية
650 0 4 _aالباطنية
650 0 4 _aالشيعية
650 0 4 _aالزنادقة
650 0 4 _aالقرامطة
942 _2ddc
_cBK
999 _c61172
_d61172